[Event "2. Copenhagen Open Politiken Cup"]
[Site "Brndby"]
[Date "1980.??.??"]
[Round "1"]
[White "Bjerring, Kai"]
[Black "Csom, Istvan"]
[Result "1/2-1/2"]
[WhiteElo "2330"]
[BlackElo "2510"]
[PlyCount "117"]
[EventDate "1980.??.??"]
[EventType "swiss"]
[EventRounds "10"]
[EventCountry "DEN"]
[SourceDate "2004.01.01"]

1. e4 c5 2. Nf3 d6 3. d4 cxd4 4. Nxd4 Nf6 5. Nc3 Nc6 6. Bg5 e6 7. Qd2 a6 8.
O-O-O h6 9. Bf4 Bd7 10. Nxc6 Bxc6 11. Qe1 Qa5 12. Bc4 O-O-O 13. Bb3 Qc7 14. f3
Nd7 15. Qf2 b5 16. Kb1 Nb6 17. Be3 Kb7 18. a4 bxa4 19. Bxb6 Qxb6 20. Qxb6+ Kxb6
21. Bxa4 Bb7 22. Rd4 Be7 23. Rhd1 Rb8 24. Rb4+ Ka7 25. Rc4 Rhc8 26. Rxc8 Rxc8
27. Bb3 g5 28. h3 h5 29. Ne2 Rh8 30. g4 hxg4 31. hxg4 Rh3 32. Rf1 Kb6 33. Bc4
Bf6 34. Bd3 Be5 35. Kc1 a5 36. Kd2 a4 37. c3 Rh2 38. Ke3 Bc6 39. Rb1 d5 40. b3
axb3 41. Rxb3+ Kc5 42. exd5 exd5 43. Rb1 Kd6 44. Ra1 f6 45. Ra6 Kc5 46. Ra5+
Kb6 47. Ra6+ Kb7 48. Ra1 Bd7 49. Rb1+ Kc7 50. c4 Rh3 51. cxd5 Bxg4 52. Ng1 Rg3
53. Kf2 Bd7 54. Bb5 Bxb5 55. Rxb5 g4 56. d6+ Bxd6 57. Rf5 gxf3 58. Rxf6 Rg2+
59. Kf1 1/2-1/2

[Event "2. Copenhagen Open Politiken Cup"]
[Site "Brndby"]
[Date "1980.??.??"]
[Round "1"]
[White "Brondum, Eric"]
[Black "Mikhalchishin, Adrian"]
[Result "1/2-1/2"]
[WhiteElo "2315"]
[BlackElo "2490"]
[PlyCount "56"]
[EventDate "1980.??.??"]
[EventType "swiss"]
[EventRounds "10"]
[EventCountry "DEN"]
[SourceDate "2004.01.01"]

1. d4 Nf6 2. Nf3 e6 3. c4 b6 4. Nc3 Bb7 5. Bg5 Be7 6. e3 O-O 7. Bd3 h6 8. Bh4
c5 9. Qe2 cxd4 10. Nxd4 Nc6 11. Nxc6 Bxc6 12. O-O-O a6 13. Rhg1 b5 14. g4 bxc4
15. Bxc4 Ne4 16. Bxe7 Qxe7 17. Nxe4 Bxe4 18. Bd3 Bxd3 19. Rxd3 d5 20. Kb1 Rfc8
21. f4 Rc4 22. Rc1 Rxc1+ 23. Kxc1 Rc8+ 24. Kb1 Rc4 25. Rb3 Qc7 26. a3 Rc1+ 27.
Ka2 a5 28. Qd3 Rc4 1/2-1/2

[Event "2. Copenhagen Open Politiken Cup"]
[Site "Brndby"]
[Date "1980.??.??"]
[Round "1"]
[White "Eriksen, Soren"]
[Black "Roth, Rolf"]
[Result "1/2-1/2"]
[WhiteElo "2210"]
[BlackElo "2380"]
[PlyCount "67"]
[EventDate "1980.??.??"]
[EventType "swiss"]
[EventRounds "10"]
[EventCountry "DEN"]
[SourceDate "2004.01.01"]

1. c4 Nf6 2. Nc3 e6 3. e4 d5 4. e5 Ne4 5. cxd5 Nxc3 6. bxc3 Qxd5 7. Nf3 c5 8.
Bb5+ Bd7 9. Qe2 Bxb5 10. Qxb5+ Qc6 11. Rb1 Qxb5 12. Rxb5 b6 13. d4 Nc6 14. Ke2
O-O-O 15. Be3 cxd4 16. cxd4 Be7 17. Rd1 Rd7 18. d5 exd5 19. Rbxd5 Rhd8 20. Rxd7
Rxd7 21. Bd4 Nxd4+ 22. Rxd4 Rc7 23. Nd2 Bc5 24. Re4 Kd7 25. f4 Ke6 26. Nc4 b5
27. Ne3 Bxe3 28. Kxe3 Rc2 29. a4 Rxg2 30. axb5 Rxh2 31. Ra4 Rb2 32. Ra6+ Kd5
33. Rxa7 Rb3+ 34. Kf2 1/2-1/2

[Event "2. Copenhagen Open Politiken Cup"]
[Site "Brndby"]
[Date "1980.??.??"]
[Round "1"]
[White "Finnlaugsson, Gunnar"]
[Black "Hoi, Carsten"]
[Result "0-1"]
[WhiteElo "2275"]
[BlackElo "2410"]
[PlyCount "118"]
[EventDate "1980.??.??"]
[EventType "swiss"]
[EventRounds "10"]
[EventCountry "DEN"]
[SourceDate "2004.01.01"]

1. e4 g6 2. d4 Bg7 3. Nc3 d6 4. Nf3 Nf6 5. Be2 O-O 6. O-O Nc6 7. d5 Nb4 8. h3
a5 9. Nd4 e5 10. dxe6 fxe6 11. Bg5 e5 12. Bc4+ Kh8 13. Ne6 Bxe6 14. Bxe6 c6 15.
Qd2 Qe7 16. Bb3 Rad8 17. Rad1 Na6 18. Qe2 Nc5 19. a4 Ne6 20. Bxe6 Qxe6 21. Rfe1
Rd7 22. b3 Ne8 23. Qe3 d5 24. exd5 cxd5 25. Bh6 Bxh6 26. Qxh6 Ng7 27. Qd2 Rfd8
28. Nb5 b6 29. Qg5 Re8 30. Re2 Qf5 31. Qe3 Qf6 32. Rde1 e4 33. Qd2 Ree7 34. Nc3
Qe5 35. Rd1 Ne6 36. Ree1 Nf4 37. Qd4 Kg7 38. Qxe5+ Rxe5 39. Nb5 Rg5 40. g3
Nxh3+ 41. Kg2 Nf4+ 42. Kf1 Nh5 43. Rxe4 Rf7 44. Re3 Nxg3+ 45. Ke1 Ne4 46. f3
Rg1+ 47. Ke2 Ng3+ 48. Kd2 Nf1+ 49. Ke2 Nxe3 50. Rxg1 Nxc2 51. Rd1 Nb4 52. Nc3
Rd7 53. Rd4 h5 54. Kf2 g5 55. Kg3 Kg6 56. Kh3 Kf5 57. Ne2 Nc6 58. Rd1 d4 59.
Rc1 Ne5 0-1

[Event "2. Copenhagen Open Politiken Cup"]
[Site "Brndby"]
[Date "1980.??.??"]
[Round "1"]
[White "Hansson, Dan"]
[Black "Angantysson, Haukur"]
[Result "1-0"]
[WhiteElo "2300"]
[BlackElo "2425"]
[PlyCount "75"]
[EventDate "1980.??.??"]
[EventType "swiss"]
[EventRounds "10"]
[EventCountry "DEN"]
[SourceDate "2004.01.01"]

1. e4 c5 2. Nf3 e6 3. d4 cxd4 4. Nxd4 Nf6 5. Nc3 Nc6 6. Ndb5 d6 7. a4 a6 8. Na3
d5 9. Bd3 Bb4 10. exd5 exd5 11. O-O O-O 12. Bg5 Be6 13. f4 Bg4 14. Qe1 Bxc3 15.
bxc3 Qb6+ 16. Kh1 Ne4 17. c4 Rae8 18. cxd5 Nxg5 19. Qh4 Be2 20. Bxe2 Rxe2 21.
Qxg5 Nb4 22. Rad1 Qe3 23. Nc4 Qc5 24. Ne5 Qxc2 25. Nf3 h6 26. Qg3 Qxa4 27. Nd4
Re4 28. Nf5 g6 29. Nxh6+ Kg7 30. Nf5+ Kg8 31. Nh6+ Kg7 32. Nf5+ Kg8 33. Nd6 Re7
34. f5 f6 35. fxg6 Re5 36. Qh3 Re7 37. Rd4 Qd7 38. Nf5 1-0

[Event "2. Copenhagen Open Politiken Cup"]
[Site "Brndby"]
[Date "1980.??.??"]
[Round "1"]
[White "Hvenekilde, Jorgen"]
[Black "Mortensen, Erling"]
[Result "1/2-1/2"]
[WhiteElo "2235"]
[BlackElo "2400"]
[PlyCount "60"]
[EventDate "1980.??.??"]
[EventType "swiss"]
[EventRounds "10"]
[EventCountry "DEN"]
[SourceDate "2004.01.01"]

1. Nf3 Nf6 2. g3 g6 3. Bg2 Bg7 4. d4 O-O 5. c4 d5 6. cxd5 Nxd5 7. e4 Nb6 8. a4
a5 9. O-O Nc6 10. d5 Nb4 11. Nc3 c6 12. dxc6 bxc6 13. e5 Nc4 14. Qe2 Qd3 15.
Qxd3 Nxd3 16. Nd4 Ncxe5 17. f4 Rd8 18. Be3 Ng4 19. Nxc6 Rd7 20. Nd5 Nxe3 21.
Nxe3 Bb7 22. Nc4 Bd4+ 23. Nxd4 Bxg2 24. Kxg2 Rxd4 25. b3 Nc5 26. Rab1 Nxa4 27.
Ra1 Nc5 28. Rxa5 Rxa5 29. Nxa5 Rb4 30. Nc6 Rxb3 1/2-1/2

[Event "2. Copenhagen Open Politiken Cup"]
[Site "Brndby"]
[Date "1980.??.??"]
[Round "1"]
[White "Jahr, Ulrich"]
[Black "Jakobsen, Ole"]
[Result "0-1"]
[WhiteElo "2280"]
[BlackElo "2410"]
[PlyCount "74"]
[EventDate "1980.??.??"]
[EventType "swiss"]
[EventRounds "10"]
[EventCountry "DEN"]
[SourceDate "2004.01.01"]

1. e4 c5 2. Nf3 d6 3. d4 cxd4 4. Nxd4 Nf6 5. Nc3 a6 6. Bc4 e6 7. Bb3 b5 8. O-O
Be7 9. f4 O-O 10. a3 Bb7 11. f5 e5 12. Nde2 Nbd7 13. Ng3 Rc8 14. Bg5 Nb6 15.
Bxf6 Bxf6 16. Rf3 Nc4 17. Bxc4 Rxc4 18. Rd3 Qb6+ 19. Kh1 Rd8 20. Nd5 Bxd5 21.
Rxd5 Rd4 22. Qg4 Rxd5 23. Nh5 Kf8 24. Nxf6 gxf6 25. exd5 Rc8 26. Qh4 Ke7 27. c3
Rc4 28. Qxh7 Qf2 29. h3 Qxb2 30. Rf1 Qxc3 31. Rf3 Qe1+ 32. Kh2 Rc1 33. Qh6 Qg1+
34. Kg3 Rc2 35. Qe3 Qxg2+ 36. Kh4 Rc4+ 37. Kh5 Rc3 0-1

[Event "2. Copenhagen Open Politiken Cup"]
[Site "Brndby"]
[Date "1980.??.??"]
[Round "1"]
[White "Jensen, Allan Astrup"]
[Black "Iskov, Gert"]
[Result "0-1"]
[WhiteElo "2245"]
[BlackElo "2400"]
[PlyCount "84"]
[EventDate "1980.??.??"]
[EventType "swiss"]
[EventRounds "10"]
[EventCountry "DEN"]
[SourceDate "2004.01.01"]

1. e4 c5 2. Nf3 e6 3. d4 cxd4 4. Nxd4 a6 5. Nc3 Qc7 6. Be2 b5 7. Bf3 Bb7 8. O-O
Nc6 9. Nxc6 dxc6 10. Re1 Bd6 11. g3 Nf6 12. Qe2 Nd7 13. a3 O-O 14. Bg2 e5 15.
Be3 Nc5 16. Rad1 Ne6 17. Rd2 Bc5 18. Bxc5 Nxc5 19. Red1 Rfd8 20. Bh3 a5 21. Qe3
Rxd2 22. Rxd2 Qe7 23. b4 axb4 24. axb4 Ne6 25. Bxe6 fxe6 26. Qb6 h6 27. Rd3 Ra3
28. Qd8+ Qxd8 29. Rxd8+ Kh7 30. Rd3 c5 31. bxc5 b4 32. Nd1 Bxe4 33. Rxa3 bxa3
34. Nc3 Bd5 35. f4 exf4 36. gxf4 Kg6 37. Kf2 a2 38. Nxa2 Bxa2 39. c6 Bd5 40. c7
Bb7 41. Ke3 Kf5 42. c4 e5 0-1

[Event "2. Copenhagen Open Politiken Cup"]
[Site "Brndby"]
[Date "1980.??.??"]
[Round "1"]
[White "Jensen, Vagn"]
[Black "Bednarski, Jacek"]
[Result "0-1"]
[WhiteElo "2235"]
[BlackElo "2385"]
[PlyCount "50"]
[EventDate "1980.??.??"]
[EventType "swiss"]
[EventRounds "10"]
[EventCountry "DEN"]
[SourceDate "2004.01.01"]

1. e4 e5 2. Nf3 Nc6 3. Bb5 Nf6 4. d4 Nxe4 5. O-O Be7 6. dxe5 O-O 7. Qd5 Nc5 8.
Be3 a6 9. Bxc5 axb5 10. Nbd2 Nxe5 11. Nxe5 d6 12. Be3 dxe5 13. Qxe5 Qd7 14. Ne4
Re8 15. Rad1 Qc6 16. Nc3 Bd7 17. Nd5 Bd6 18. Qh5 Qxc2 19. Nb6 Rad8 20. Nxd7
Rxd7 21. Qxb5 c6 22. Qh5 Qxb2 23. Bd4 Bxh2+ 24. Kxh2 Rxd4 25. Rb1 Qxa2 0-1

[Event "2. Copenhagen Open Politiken Cup"]
[Site "Brndby"]
[Date "1980.??.??"]
[Round "1"]
[White "Larsen, Ernst"]
[Black "Rayner, Francis"]
[Result "1/2-1/2"]
[WhiteElo "2200"]
[BlackElo "2370"]
[PlyCount "46"]
[EventDate "1980.??.??"]
[EventType "swiss"]
[EventRounds "10"]
[EventCountry "DEN"]
[SourceDate "2004.01.01"]

1. d4 g6 2. c4 Bg7 3. Nc3 d6 4. Nf3 e5 5. g3 Nd7 6. Bg2 Nh6 7. e4 O-O 8. O-O
Re8 9. h3 f6 10. Be3 Nf7 11. Qc2 c6 12. Rfd1 Qe7 13. Rd2 Bh6 14. Bxh6 Nxh6 15.
Rad1 Nf7 16. Kh2 Nf8 17. b4 Be6 18. d5 cxd5 19. Nxd5 Bxd5 20. Rxd5 Rac8 21. Qb3
Rc7 22. R5d2 Rec8 23. Rc2 g5 1/2-1/2

[Event "2. Copenhagen Open Politiken Cup"]
[Site "Brndby"]
[Date "1980.??.??"]
[Round "1"]
[White "Nicholson, John"]
[Black "Plachetka, Jan"]
[Result "1/2-1/2"]
[WhiteElo "2305"]
[BlackElo "2480"]
[PlyCount "83"]
[EventDate "1980.??.??"]
[EventType "swiss"]
[EventRounds "10"]
[EventCountry "DEN"]
[SourceDate "2004.01.01"]

1. e4 e5 2. Nf3 Nc6 3. Bb5 a6 4. Ba4 d6 5. Bxc6+ bxc6 6. d4 exd4 7. Nxd4 c5 8.
Ne2 g6 9. Nbc3 Bg7 10. O-O Ne7 11. Be3 Bb7 12. Qd2 O-O 13. Ng3 Qe8 14. Bh6 Bxh6
15. Qxh6 f6 16. Rae1 Qf7 17. Qd2 Rae8 18. f4 f5 19. e5 Nc8 20. b3 Qg7 21. exd6
cxd6 22. Nd5 Qf7 23. c4 Bxd5 24. cxd5 Nb6 25. Rxe8 Rxe8 26. Rd1 h5 27. Qd3 h4
28. Nf1 Qb7 29. Nd2 Qxd5 30. Qxd5+ Nxd5 31. Nf3 Nxf4 32. Rxd6 Re2 33. Nxh4 Rxa2
34. g3 Nh3+ 35. Kh1 Nf2+ 36. Kg1 Nh3+ 37. Kh1 g5 38. Nxf5 Nf2+ 39. Kg1 Nh3+ 40.
Kh1 Nf2+ 41. Kg1 g4 42. Rd5 1/2-1/2

[Event "2. Copenhagen Open Politiken Cup"]
[Site "Brndby"]
[Date "1980.??.??"]
[Round "1"]
[White "Ravikumar, Vaidyanathan"]
[Black "Mestel, Jonathan"]
[Result "1-0"]
[WhiteElo "2305"]
[BlackElo "2485"]
[PlyCount "115"]
[EventDate "1980.??.??"]
[EventType "swiss"]
[EventRounds "10"]
[EventCountry "DEN"]
[SourceDate "2004.01.01"]

1. d4 Nf6 2. c4 c5 3. d5 e5 4. g3 d6 5. Bg2 g6 6. Nc3 Bg7 7. Nf3 O-O 8. O-O
Nbd7 9. a3 Ne8 10. Nd2 f5 11. Rb1 Qe7 12. e4 f4 13. b4 b6 14. Nb3 h5 15. Bd2
Bh6 16. Bh3 Kh7 17. Rb2 f3 18. Re1 Qf6 19. Be3 Ng7 20. Nb5 g5 21. bxc5 Nxc5 22.
Bxc8 Na4 23. Rb1 Raxc8 24. Nd2 Nc5 25. Nxa7 Ra8 26. Bxc5 bxc5 27. Rb7 g4 28.
Nf1 h4 29. Qd3 hxg3 30. Nxg3 Bf4 31. Reb1 Bxg3 32. fxg3 f2+ 33. Kg2 Qh6 34. h4
Rf3 35. Qe2 Raf8 36. Rf1 Kh8 37. Rxg7 Kxg7 38. Nb5 R8f7 39. a4 Rf8 40. Nc7 Rb8
41. Ne6+ Kh8 42. Ng5 Rbb3 43. Kh2 Rf4 44. a5 Kg8 45. Qa2 Rb7 46. Qa4 Rf8 47.
Qc6 Ra7 48. Ne6 Qe3 49. Qxd6 Raf7 50. Ng5 Qe2 51. Kg2 Rf6 52. Qxe5 Rf3 53. Qe6+
R3f7 54. d6 Kg7 55. d7 Rf3 56. Qe7+ R8f7 57. Qxf7+ Rxf7 58. d8=Q 1-0

[Event "2. Copenhagen Open Politiken Cup"]
[Site "Brndby"]
[Date "1980.??.??"]
[Round "1"]
[White "Sorensen, Bent"]
[Black "Fedder, Steen"]
[Result "0-1"]
[WhiteElo "2245"]
[BlackElo "2410"]
[PlyCount "80"]
[EventDate "1980.??.??"]
[EventType "swiss"]
[EventRounds "10"]
[EventCountry "DEN"]
[SourceDate "2004.01.01"]

1. g3 Nf6 2. c4 e6 3. Bg2 d5 4. Nf3 Be7 5. O-O O-O 6. b3 c6 7. d3 b5 8. Qc2
Nbd7 9. e4 bxc4 10. bxc4 dxe4 11. dxe4 e5 12. Bb2 Qc7 13. Nbd2 Re8 14. Ne1 Nc5
15. Nb3 Rd8 16. Nf3 Nd3 17. Rfd1 Nxb2 18. Rxd8+ Qxd8 19. Qxb2 Nd7 20. Rd1 Qc7
21. Bh3 f6 22. Qd2 Nc5 23. Bxc8 Rxc8 24. Qe3 Qb6 25. Nh4 Nxb3 26. Qxb3 g6 27.
Qf3 Rd8 28. Qg4 Kf7 29. Ng2 Rxd1+ 30. Qxd1 Qb2 31. Ne3 Qxa2 32. h4 Qb2 33. Qd7
Qb1+ 34. Kh2 Qxe4 35. Qxa7 f5 36. c5 Qd4 37. Qa2+ Kg7 38. Qe6 Qxc5 39. h5 Bg5
40. h6+ Bxh6 0-1

[Event "2. Copenhagen Open Politiken Cup"]
[Site "Brndby"]
[Date "1980.??.??"]
[Round "1"]
[White "Welin, Thomas"]
[Black "Pokojowczyk, Jerzy"]
[Result "1-0"]
[WhiteElo "2215"]
[BlackElo "2380"]
[PlyCount "66"]
[EventDate "1980.??.??"]
[EventType "swiss"]
[EventRounds "10"]
[EventCountry "DEN"]
[SourceDate "2004.01.01"]

1. c4 g6 2. e4 Bg7 3. d4 d6 4. Nc3 Nf6 5. Be2 O-O 6. Bg5 c5 7. d5 Nbd7 8. Nf3
h6 9. Bf4 b5 10. cxb5 a6 11. O-O Qa5 12. a4 Qb4 13. Qc2 Nxe4 14. Na2 Qxb2 15.
Qxe4 Nf6 16. Qd3 Bf5 17. Qd2 Qxd2 18. Bxd2 Nxd5 19. Rac1 Rfb8 20. Nc3 Nb4 21.
Bc4 Nd3 22. Ra1 e6 23. Ra3 Nb4 24. Bf4 Nc2 25. Rb3 d5 26. Nxd5 exd5 27. Bxd5
axb5 28. Bxb8 Rxb8 29. Rxb5 Rd8 30. Bc4 Na3 31. Rxc5 Nxc4 32. Rxc4 Bd3 33. Rd1
Ra8 1-0

[Event "2. Copenhagen Open Politiken Cup"]
[Site "Brndby"]
[Date "1980.??.??"]
[Round "1"]
[White "Akesson, Ralf"]
[Black "Holm, Sejer"]
[Result "1-0"]
[WhiteElo "2230"]
[BlackElo "2395"]
[PlyCount "83"]
[EventDate "1980.??.??"]
[EventType "swiss"]
[EventRounds "10"]
[EventCountry "DEN"]
[SourceDate "2004.01.01"]

1. c4 c5 2. Nf3 e6 3. g3 d5 4. cxd5 exd5 5. d4 Nc6 6. Bg2 c4 7. O-O Bb4 8. b3
cxb3 9. Qxb3 Nge7 10. Nc3 O-O 11. Ba3 a5 12. e3 Bf5 13. Rfc1 a4 14. Qb2 Qa5 15.
Nh4 Bxa3 16. Qxa3 Be6 17. Rab1 Rfb8 18. Rb5 Qd8 19. Rcb1 b6 20. Qb2 a3 21. Qc1
Na5 22. R5b4 Rc8 23. Qxa3 Nc4 24. Qc1 Nc6 25. Rxc4 dxc4 26. d5 g5 27. dxe6 gxh4
28. exf7+ Kxf7 29. Nd5 Ne5 30. Qc3 Nd7 31. Nf4 Qf6 32. Bd5+ Ke7 33. Qc2 Ra7 34.
Qxh7+ Kd6 35. Be6 hxg3 36. Rd1+ Kc5 37. Rd5+ Kb4 38. Qb1+ Ka3 39. Bxd7 Qb2 40.
Qe1 Qb4 41. Qd1 Ra5 42. Nd3 1-0

[Event "2. Copenhagen Open Politiken Cup"]
[Site "Brndby"]
[Date "1980.??.??"]
[Round "2"]
[White "Angantysson, Haukur"]
[Black "Sorensen, Bent"]
[Result "1/2-1/2"]
[WhiteElo "2425"]
[BlackElo "2245"]
[PlyCount "80"]
[EventDate "1980.??.??"]
[EventType "swiss"]
[EventRounds "10"]
[EventCountry "DEN"]
[SourceDate "2004.01.01"]

1. c4 f5 2. g3 Nf6 3. Bg2 g6 4. d4 Bg7 5. Nf3 O-O 6. O-O d6 7. Nc3 c6 8. d5 Bd7
9. Nd4 Qb6 10. Nb3 Na6 11. a3 Nc5 12. Nxc5 Qxc5 13. Qb3 Ng4 14. Qxb7 Ne5 15.
Qb4 Rac8 16. Bg5 Kf7 17. Qxc5 dxc5 18. Rac1 h6 19. Bf4 Nxc4 20. Na4 cxd5 21.
Bxd5+ e6 22. Bb7 Bxa4 23. Bxc8 Rxc8 24. Rxc4 Bb3 25. Rcc1 c4 26. Rb1 Bc2 27.
Rbc1 Bb3 28. a4 Bxb2 29. Rb1 c3 30. Bc1 Ba2 31. Bxb2 Bxb1 32. Bxc3 Bc2 33. Bd4
Rc4 34. Bxa7 Rxa4 35. Be3 g5 36. Rc1 Rc4 37. f4 Kg6 38. Kf2 g4 39. Ke1 Rc6 40.
Ra1 Rc7 1/2-1/2

[Event "2. Copenhagen Open Politiken Cup"]
[Site "Brndby"]
[Date "1980.??.??"]
[Round "2"]
[White "Bednarski, Jacek"]
[Black "Welin, Thomas"]
[Result "1/2-1/2"]
[WhiteElo "2385"]
[BlackElo "2215"]
[PlyCount "36"]
[EventDate "1980.??.??"]
[EventType "swiss"]
[EventRounds "10"]
[EventCountry "DEN"]
[SourceDate "2004.01.01"]

1. e4 Nf6 2. Nc3 e5 3. Nf3 Nc6 4. Bb5 Bb4 5. O-O O-O 6. Re1 d6 7. h3 Ne7 8. d4
Ng6 9. Bf1 h6 10. Bd2 c6 11. a3 Ba5 12. b4 Bc7 13. dxe5 dxe5 14. Be3 Be6 15.
Qc1 b6 16. Qb2 Qe7 17. Nd2 Rfd8 18. Nc4 Nh5 1/2-1/2

[Event "2. Copenhagen Open Politiken Cup"]
[Site "Brndby"]
[Date "1980.??.??"]
[Round "2"]
[White "Csom, Istvan"]
[Black "Brondum, Eric"]
[Result "1/2-1/2"]
[WhiteElo "2510"]
[BlackElo "2315"]
[PlyCount "94"]
[EventDate "1980.??.??"]
[EventType "swiss"]
[EventRounds "10"]
[EventCountry "DEN"]
[SourceDate "2004.01.01"]

1. c4 Nf6 2. Nf3 g6 3. b4 Bg7 4. Bb2 O-O 5. e3 d6 6. Be2 e5 7. d3 a5 8. a3 axb4
9. axb4 Rxa1 10. Bxa1 Nbd7 11. O-O b6 12. Nc3 Bb7 13. Qb3 Qe7 14. Nd2 h5 15.
Bb2 Bh6 16. Bf3 Bxf3 17. Nxf3 Ra8 18. Rd1 Bg7 19. h3 Nf8 20. Ra1 Qd8 21. Ra3
Ne6 22. Qa2 Rxa3 23. Qxa3 g5 24. Ne2 g4 25. hxg4 hxg4 26. Nh4 Nh5 27. Nf5 Qg5
28. Qa8+ Kh7 29. Nfg3 Nxg3 30. Nxg3 Qg6 31. Qe4 Qxe4 32. dxe4 Bf8 33. Kf1 Kg6
34. Ke2 Ng7 35. Kd3 Be7 36. Ne2 Bh4 37. g3 Bd8 38. Nc3 Ne6 39. Ba3 Ng5 40. Bc1
Nh3 41. Nd1 Ng5 42. Bd2 Kf6 43. Nc3 Ke6 44. Nb1 Nh3 45. Be1 Ng5 46. Nc3 Kd7 47.
Nd5 Be7 1/2-1/2

[Event "2. Copenhagen Open Politiken Cup"]
[Site "Brndby"]
[Date "1980.??.??"]
[Round "2"]
[White "Hoi, Carsten"]
[Black "Ravikumar, Vaidyanathan"]
[Result "1-0"]
[WhiteElo "2410"]
[BlackElo "2305"]
[PlyCount "95"]
[EventDate "1980.??.??"]
[EventType "swiss"]
[EventRounds "10"]
[EventCountry "DEN"]
[SourceDate "2004.01.01"]

1. Nf3 c5 2. e3 b6 3. d4 Bb7 4. c4 Nf6 5. Nc3 g6 6. d5 Bg7 7. Bd3 Na6 8. O-O
Nc7 9. e4 d6 10. Bg5 O-O 11. Qd2 a6 12. a4 Nd7 13. h3 Rb8 14. Nh2 Ne5 15. Be2
f6 16. Be3 Bc8 17. f4 Nf7 18. h4 Bd7 19. h5 gxh5 20. Bxh5 b5 21. b3 bxc4 22.
bxc4 Rb4 23. Qd3 e6 24. Bxf7+ Rxf7 25. f5 exf5 26. exf5 Ne8 27. Ng4 Kh8 28. Bd2
Bf8 29. Rae1 h5 30. Nf2 Ng7 31. Nh3 Rb2 32. Re6 Bxe6 33. fxe6 Rfb7 34. Ne4 f5
35. Ng3 Rxd2 36. Qxd2 Qf6 37. Qg5 Qd4+ 38. Kh2 Be7 39. Qh6+ Kg8 40. Nxh5 Bd8
41. Nxg7 Rxg7 42. Qf4 Bh4 43. Qxf5 Qxc4 44. Rb1 Bg3+ 45. Kh1 Rb7 46. Rxb7 Qc1+
47. Ng1 Qh6+ 48. Qh3 1-0

[Event "2. Copenhagen Open Politiken Cup"]
[Site "Brndby"]
[Date "1980.??.??"]
[Round "2"]
[White "Holm, Sejer"]
[Black "Jensen, Allan Astrup"]
[Result "1/2-1/2"]
[WhiteElo "2395"]
[BlackElo "2245"]
[PlyCount "65"]
[EventDate "1980.??.??"]
[EventType "swiss"]
[EventRounds "10"]
[EventCountry "DEN"]
[SourceDate "2004.01.01"]

1. d4 Nf6 2. c4 g6 3. Nc3 Bg7 4. e4 d6 5. Be2 O-O 6. Nf3 e5 7. O-O Nc6 8. d5
Ne7 9. Ne1 Nd7 10. Nd3 f5 11. exf5 Nxf5 12. Re1 h6 13. Bf1 Nf6 14. f4 Nd4 15.
h3 Nh5 16. fxe5 dxe5 17. Ne4 Qh4 18. Re3 Nf5 19. Qe1 Nxe3 20. Qxh4 Rxf1+ 21.
Kh2 Bf5 22. Bxe3 Rxa1 23. Bd2 Bxe4 24. Nc5 Bc2 25. Ne6 Bf6 26. Qf2 e4 27. Bc3
Bxc3 28. bxc3 Bd3 29. g4 Rc1 30. Qd4 Rc2+ 31. Kg1 Rc1+ 32. Kh2 Rc2+ 33. Kg1
1/2-1/2

[Event "2. Copenhagen Open Politiken Cup"]
[Site "Brndby"]
[Date "1980.??.??"]
[Round "2"]
[White "Iskov, Gert"]
[Black "Akesson, Ralf"]
[Result "1-0"]
[WhiteElo "2400"]
[BlackElo "2230"]
[PlyCount "49"]
[EventDate "1980.??.??"]
[EventType "swiss"]
[EventRounds "10"]
[EventCountry "DEN"]
[SourceDate "2004.01.01"]

1. e4 c5 2. Nf3 e6 3. Nc3 Nc6 4. Bb5 Nge7 5. O-O a6 6. Bxc6 Nxc6 7. d4 cxd4 8.
Nxd4 d6 9. Re1 Bd7 10. Nxc6 bxc6 11. Na4 Be7 12. Qg4 O-O 13. Bh6 Bf6 14. e5
dxe5 15. Rad1 Re8 16. Re3 Qe7 17. Nc3 Kh8 18. Ne4 Rg8 19. Nxf6 gxf6 20. Qh4 Rg6
21. Rh3 Kg8 22. Bd2 Rg7 23. Bc3 Rd8 24. Bxe5 Be8 25. Rf1 1-0

[Event "2. Copenhagen Open Politiken Cup"]
[Site "Brndby"]
[Date "1980.??.??"]
[Round "2"]
[White "Jacobsen, Bo"]
[Black "Larsen, Ernst"]
[Result "1-0"]
[WhiteElo "2370"]
[BlackElo "2200"]
[PlyCount "79"]
[EventDate "1980.??.??"]
[EventType "swiss"]
[EventRounds "10"]
[EventCountry "DEN"]
[SourceDate "2004.01.01"]

1. c4 e6 2. b3 d5 3. Bb2 Nf6 4. e3 c5 5. Nf3 Be7 6. g3 Nc6 7. Bg2 O-O 8. O-O b6
9. Qe2 Bb7 10. Nc3 dxc4 11. bxc4 Qc7 12. d3 Rad8 13. Rad1 a6 14. Ng5 Na7 15.
Bxb7 Qxb7 16. f4 b5 17. cxb5 axb5 18. f5 exf5 19. Rxf5 b4 20. Nce4 Nxe4 21.
Nxe4 c4 22. Nf6+ gxf6 23. Qg4+ Kh8 24. Qh4 Qb6 25. Qh6 Rg8 26. Rxf6 c3 27. Rxb6
cxb2 28. Qf4 Rg7 29. Rb8 Nc6 30. Rxd8+ Nxd8 31. Qe5 Bg5 32. Kf2 h5 33. Qxb2 h4
34. Qxb4 hxg3+ 35. hxg3 Ne6 36. a4 Rg8 37. a5 Re8 38. a6 Kg8 39. a7 Nc7 40. Qb8
1-0

[Event "2. Copenhagen Open Politiken Cup"]
[Site "Brndby"]
[Date "1980.??.??"]
[Round "2"]
[White "Mestel, Jonathan"]
[Black "Finnlaugsson, Gunnar"]
[Result "1-0"]
[WhiteElo "2485"]
[BlackElo "2275"]
[PlyCount "33"]
[EventDate "1980.??.??"]
[EventType "swiss"]
[EventRounds "10"]
[EventCountry "DEN"]
[SourceDate "2004.01.01"]

1. e4 e6 2. d4 d5 3. Nd2 dxe4 4. Nxe4 Nd7 5. Nf3 Ngf6 6. Nxf6+ Nxf6 7. Bg5 c6
8. Bd3 Bd6 9. O-O b6 10. Ne5 h6 11. Bh4 g5 12. Bg3 Bb7 13. f4 Bxe5 14. dxe5
gxf4 15. Rxf4 Nd7 16. Bh4 Qc7 17. Rxf7 1-0

[Event "2. Copenhagen Open Politiken Cup"]
[Site "Brndby"]
[Date "1980.??.??"]
[Round "2"]
[White "Morris, Walter"]
[Black "Eriksen, Soren"]
[Result "1-0"]
[WhiteElo "2380"]
[BlackElo "2210"]
[PlyCount "111"]
[EventDate "1980.??.??"]
[EventType "swiss"]
[EventRounds "10"]
[EventCountry "DEN"]
[SourceDate "2004.01.01"]

1. e4 c6 2. d4 d5 3. Nc3 dxe4 4. Nxe4 Bf5 5. Ng3 Bg6 6. Nf3 Nd7 7. h4 h6 8. Bd3
Bxd3 9. Qxd3 Ngf6 10. Bd2 e6 11. O-O-O Qc7 12. c4 O-O-O 13. Bc3 Bd6 14. Ne4
Nxe4 15. Qxe4 Nf6 16. Qe2 c5 17. Kb1 Rhg8 18. Rhe1 Nd7 19. Ne5 Nxe5 20. dxe5
Be7 21. h5 Qc6 22. Rxd8+ Rxd8 23. Qg4 Qd7 24. Qe4 Qd3+ 25. Qxd3 Rxd3 26. Kc2
Rd7 27. Re4 Kd8 28. Rg4 Bf8 29. Bd2 Ke8 30. Be3 b6 31. a3 Kd8 32. f3 Kc7 33.
Re4 Be7 34. Bd2 a5 35. b3 Kc6 36. Bc3 Kc7 37. Rg4 Bf8 38. f4 Kd8 39. Rg3 Ke8
40. Rf3 Rd8 41. g4 Be7 42. f5 Bg5 43. Rd3 Rxd3 44. Kxd3 Ke7 45. Ke4 f6 46. a4
Bh4 47. exf6+ Bxf6 48. Be1 exf5+ 49. Kxf5 Kd6 50. Bg3+ Kd7 51. Kg6 Kc6 52. Kf7
Kd7 53. Bf4 Bd4 54. g5 hxg5 55. Bxg5 Kd6 56. Bd8 1-0

[Event "2. Copenhagen Open Politiken Cup"]
[Site "Brndby"]
[Date "1980.??.??"]
[Round "2"]
[White "Mortensen, Erling"]
[Black "Nicholson, John"]
[Result "1-0"]
[WhiteElo "2400"]
[BlackElo "2305"]
[PlyCount "61"]
[EventDate "1980.??.??"]
[EventType "swiss"]
[EventRounds "10"]
[EventCountry "DEN"]
[SourceDate "2004.01.01"]

1. c4 e6 2. Nc3 d5 3. d4 Be7 4. Nf3 Nf6 5. Bg5 O-O 6. e3 h6 7. Bxf6 Bxf6 8. Qd2
c6 9. cxd5 exd5 10. Be2 Bf5 11. O-O Nd7 12. Na4 Be7 13. Rfc1 Nf6 14. b4 Ne4 15.
Qb2 Bd6 16. b5 Qe7 17. bxc6 bxc6 18. Rxc6 Rab8 19. Qc1 Bd7 20. Ra6 Rfc8 21. Qd1
Rb4 22. Nc5 Bxc5 23. dxc5 Nc3 24. Qd2 Qxc5 25. Bd3 Na4 26. Bf1 Rb2 27. Qd1 Nb6
28. Rxa7 Bg4 29. Qd4 Bxf3 30. Qxb2 Be4 31. Qd4 1-0